Geography of the Moon - Click Map - Statistics

General Stats
  • This quiz has been taken 44 times
  • The average score is 5 of 36
Answers on the Map
Answers color-coded by a green-red scale on the quiz's map according to % correct below.
 
Answer Stats
Answer % Correct
Sea of Tranquility
62%
Sea of Fecundity
38%
Sea of Nectar
38%
Sea of Serenity
38%
Ocean of Storms
34%
Sea of Cold
31%
Sea of Crises
31%
Sea of Vapors
31%
Sea of Moisture
28%
Sea of Clouds
24%
Sea of Showers
21%
Sea that has become known
17%
Plato
17%
Copernicus
10%
Theophilus
10%
Aristarchus
7%
Eratosthenes
7%
Janssen
7%
Tycho
7%
Alpes
7%
Apenninus
7%
Jura
7%
Montes Rook
7%
Archimedes
3%
Aristoteles
3%
Clavius
3%
Grimaldi
3%
Langrenus
3%
Petavius
3%
Schickard
3%
Carpatus
3%
Bailly
0%
Fra Mauro
0%
Ptolemaeus
0%
Caucasus
0%
Cordillera
0%
No matching quizzes found
Score Distribution
Percent of People with Each Score
Percentile by Number Answered
Your Score History
You have not taken this quiz